Horticultura de exportación y competencia global : el caso de la berenjena mexicana /
Aquí se analiza la producción y exportación de berenjena producida en Valle de Culiacán, Sinaloa, para consumo en el mercado norteamericano, como un proceso exitoso de comercio internacional. El autor abunda sobre la competencia que enfrentan los productores mexicanos en Estados Unidos, la cadena pr...
Αποθηκεύτηκε σε:
| Κύριος συγγραφέας: | |
|---|---|
| Μορφή: | Βιβλίο |
| Γλώσσα: | Ισπανικά |
| Έκδοση: |
México :
Plaza y Valdés,
2004, c2004
|
| Θέματα: | |
| Ετικέτες: |
Δεν υπάρχουν, Καταχωρήστε ετικέτα πρώτοι!
|
MARC
| LEADER | 00000nam^a2200000^a^4500 | ||
|---|---|---|---|
| 001 | 000189067 | ||
| 005 | 20250521000000.0 | ||
| 009 | 20260310102401.037 | ||
| 020 | |a 970-722-339-1 | ||
| 037 | |a Acervo ITESO - Biblioteca | ||
| 041 | |a ESP | ||
| 082 | |a 338. 1756460972323 |b MAY | ||
| 100 | |a Maya Ambía, Carlos |e (autor) | ||
| 245 | 1 | 0 | |a Horticultura de exportación y competencia global : |b el caso de la berenjena mexicana / |c C. Maya Ambía. |
| 264 | 4 | |a México : |b Plaza y Valdés, |c 2004, c2004 | |
| 300 | |a 243 p. | ||
| 336 | |a texto |b txt |2 rdacontenido | ||
| 337 | |a sin mediación |b n |2 rdamedio | ||
| 338 | |a volumen |b nc |2 rdasoporte | ||
| 520 | |a Aquí se analiza la producción y exportación de berenjena producida en Valle de Culiacán, Sinaloa, para consumo en el mercado norteamericano, como un proceso exitoso de comercio internacional. El autor abunda sobre la competencia que enfrentan los productores mexicanos en Estados Unidos, la cadena productiva de la berenjena y su posicionamiento a nivel internacional, nacional y local. | ||
| 649 | |a XX | ||
| 650 | |a Berenjena - |z Culiacán, Sinaloa - |x Aspectos Económicos - |x Tema Principal | ||
| 650 | |a Berenjena - |z México - |x Aspectos Económicos | ||
| 650 | |a Horticultura - |z Culiacán, Sinaloa - |x Aspectos Económicos | ||
| 650 | |a Horticultura - |z México - |x Aspectos Económicos | ||
| 650 | |a Agricultura - |z Culiacán, Sinaloa - |x Aspectos Económicos | ||
| 650 | |a Agricultura - |z México - |x Aspectos Económicos | ||
| 650 | |a Exportaciones - |z Culiacán, Sinaloa | ||
| 650 | |a Exportaciones - |z México | ||
| 650 | |a Competencia (Economía) - |z México | ||
| 650 | |a Mercado | ||
| 650 | |a Comercio Internacional - |z México-EUA | ||
| 650 | |a Política Agraria | ||
| 650 | |a Economía de la Tierra | ||
| 910 | |a Fondo General | ||
| 920 | |a Impresos - Libros | ||
| 930 | |a Colección General | ||
| 905 | |a 101 | ||
| 901 | |a 0500131668 |b IT1 |c ACC |u 20250521 | ||
| 902 | |a https://opac.biblio.iteso.mx/vufind/Record/000189067 | ||